Analýza monetárnej chudoby na Slovensku

V roku 2006 bolo ohrozených rizikom chudoby 10,7 percent obyvateľov Slovenska. Výsledky modelu logistickej regresie, ktorý umožňuje na základe známych hodnôt vysvetľujúcich premenných odhadnúť pravdepodobnosť, že vybraná domácnosť na Slovensku je monetárne chudobná. Za monetárne chudobnú domácnosť j...

ver descrição completa

Na minha lista:
Detalhes bibliográficos
Autor principal: Labudová, Viera, 1958-
Formato: Capítulo de Livro
Idioma:eslovaco
Assuntos:
Tags: Adicionar Tag
Sem tags, seja o primeiro a adicionar uma tag!

MARC

LEADER 00000nla$a2200000$$$4500
001 0091370
005 20240502072023.3
041 0 |a slo 
044 |a SK 
245 1 0 |a Analýza monetárnej chudoby na Slovensku  |c Viera Labudová 
520 |a V roku 2006 bolo ohrozených rizikom chudoby 10,7 percent obyvateľov Slovenska. Výsledky modelu logistickej regresie, ktorý umožňuje na základe známych hodnôt vysvetľujúcich premenných odhadnúť pravdepodobnosť, že vybraná domácnosť na Slovensku je monetárne chudobná. Za monetárne chudobnú domácnosť je považovaná domácnosť, v ktorej je ekvivalentný disponibilný príjem na mesiach pod hranicou rizika chudoby. 
610 2 0 |a chudoba 
610 2 0 |a domácnosti 
610 2 0 |a Slovensko 
610 2 0 |a 2006 
100 1 |a Labudová, Viera, 1958-